|
|
|
|
| LEADER |
00000nam a22000007a 4500 |
| 005 |
20210906225940.0 |
| 007 |
cr|||| |||| |
| 008 |
210906s2021 mx |||||s|||| 00||0 spa d |
| 020 |
|
|
|a 978-368-726-415-6
|
| 035 |
|
|
|a 35134
|
| 040 |
|
|
|a vLex
|
| 090 |
|
|
|c 12276
|d 12276
|
| 100 |
1 |
|
|a Domn̕guez Orozco, Jaime
|
| 245 |
1 |
0 |
|a Sociedades y asociaciones civiles 2021
|h [Recurso electrn̤ico] /
|c Jaime Domn̕guez Orozco, Cuauhtm̌oc Resňdiz Nn︢ez
|
| 256 |
|
|
|a Servicio en ln̕ea
|
| 260 |
|
|
|a Ciudad de Mx̌ico:
|b Ediciones Fiscales ISEF,
|c 2021
|
| 300 |
|
|
|a 1 recurso electrn̤ico
|
| 506 |
1 |
|
|a Disponible solo en los productos indicados
|d vLex Global
|d vLex Global (Academic Edition, excluding Law Schools)
|d vLex Global (U.S. Academic Edition, Law Schools)
|d vLex Global (U.S. Academic Edition, excluding Law Schools)
|d vLex Global (Academic Edition, Law Schools)
|
| 650 |
0 |
4 |
|a Derecho Tributario
|z Mx̌ico
|
| 700 |
1 |
|
|a Resňdiz Nn︢ez, Cuauhtm̌oc
|
| 740 |
0 |
|
|a vLex Libros (Servicio en ln̕ea)
|
| 856 |
4 |
0 |
|u https://app.vlex.com/#/sources/35134
|z Acceso restringido
|
| 942 |
|
|
|c BOOK
|
| 999 |
0 |
|
|a Tax Law
|